000 00620nam a2200205Ia 4500
005 20260114185900.0
008 008 260114s9999 xx 000 0 eng d
020 _a9781509936878
037 _aEBOOK
040 _aCRL
_beng
_cCRL
041 _aeng
_2eng
084 _qCRL
100 _aGiuliano Amato, Benedetta Barbisan and Cesare Pinelli
_9875617
245 0 _aRule of Law vs Majoritarian Democracy
260 _bBloomsbury
_c2021
650 _aLaw
_9875618
856 _uhttps://doi.org/10.5040/9781509936878?locatt=label:secondary_bloomsburyCollections
942 _cEBOOK
999 _c1474460
_d1474460